000 00319nam a2200121Ia 4500
008 220204s9999 xx 000 0 und d
082 _a339.18(567)
_bECO
245 0 _aEconomic and commercial reports: Iraq
260 _aNew Delhi
_bMinistry of Commerce
_c1968
650 _aCommerce
650 _aEconomics
942 _cBK
999 _c22287
_d22287